000 00515nam a2200181Ia 4500
003 GCL
008 140319s9999 xx 000 0 ara d
040 _aGCL /
_cGCL
082 0 4 _a801.95
_bى ر
100 1 _aيوسف نور عوض
245 1 0 _aالرواية الحضارية النقدية فى ادب طه حسين /
_cيوسف نور عوض
300 _a272
490 _aكتاب
_v0
650 0 4 _aالادب العربى
650 0 4 _aطه حسين
650 0 4 _aتاريخ ونقد
942 _2ddc
_cBK
999 _c42910
_d42910